| 000 | 01147cab a2200397 4500 | ||
|---|---|---|---|
| 001 | ABS53558 | ||
| 008 | 090401t1995 xxu||||| |||| 00| 0 eng d | ||
| 035 | _a(Sirsi) u5086 | ||
| 041 | _aeng | ||
| 245 | _aFocus `95: the West Midlands | ||
| 260 | _c1995 | ||
| 350 | _a0 | ||
| 490 |
_aEstates Gazette _v(9537) 16 September 1995, 91-162(19) |
||
| 650 | _aBLACK COUNTRY | ||
| 650 | _aBUSINESS PARKS | ||
| 650 | _aCAR INDUSTRY | ||
| 650 | _aCOVENTRY | ||
| 650 | _aDISTRIBUTION INDUSTRY | ||
| 650 | _aDUDLEY | ||
| 650 | _aINDUSTRIAL MARKET | ||
| 650 | _aINFRASTRUCTURE DEVELOPMENT | ||
| 650 | _aJAGUAR CARS | ||
| 650 | _aMERRY HILL CENTRE | ||
| 650 | _aMOTOR INDUSTRY | ||
| 650 | _aPROPERTY-COMMERCIAL PROPERTY-OFFICE PROPERTY-OFFICE PROPERTY MARKET | ||
| 650 | _aPROPERTY-COMMERCIAL PROPERTY-RETAIL PROPERTY-RETAIL PROPERTY MARKET | ||
| 650 | _aSOUTH BIRMINGHAM | ||
| 650 | _aWALSALL | ||
| 650 | _aWAREHOUSE DEVELOPMENT | ||
| 650 | _aWEST BROMWICH | ||
| 650 | _aWEST MIDLANDS | ||
| 650 | _aWOLVERHAMPTON | ||
| 690 | _aPROPERTY-COMMERCIAL PROPERTY-COMMERCIAL PROPERTY MARKET | ||
| 942 | _n0 | ||
| 948 | _c04/03/1997 | ||
| 999 |
_c3050 _d3050 |
||